000 00788cam a22002653a 4500
001 19456
003 PGUSA
005 20140828083419.0
008 061003s2006||||xxu|||||s|||||000 | eng d
040 _aPGUSA
_beng
042 _adc
050 4 _aQE
050 4 _aF3051
100 1 _aBourdon, Henri
245 1 0 _aDe ramp van Valparaiso :
_bDe Aarde en haar Volken, 1907
_h[electronic resource] /
_cHenri Bourdon
260 _bProject Gutenberg,
_c2006
500 _aTranslation of: La catastrophe de Valparaiso
506 _aPublic domain in the USA.
516 _aElectronic text
653 _aValparaíso (Chile) -- Earthquake, 1906
653 _aEarthquakes -- Chile
830 0 _aProject Gutenberg
_v19456
856 4 0 _uhttp://www.gutenberg.org/ebooks/19456
942 _cEB
999 _c248711
_d248711